000 00813nam a2200301Ia 4500
003 OSt
005 20221006144522.0
006 a|||||r|||| 00| 0
007 ta
008 221006b |||||||| |||| 00| 0 eng d
020 _a0706909720
_c45.00
020 _a9780706909722
024 _a11,872
037 _cTextual
040 _aEASL
_cEASL
_beng
041 _2eng
_aeng
082 _aV2:191,(C9B2).N7, L9
100 _aBhatia Shyam
245 0 _aIndia's nuclear bomb
260 _aDelhi
_bVikas Pub. India
_c1979
300 _a170p.
_ccm.
490 _v Gen
650 _a Gen
650 _a India - Foreign relations - China
_9648653
650 _aIndia - Foreign relations
_928675
942 _hV2:191,(C9B2).N7, L9
_cTEXL
_2CC
999 _c1079958
_d1079958